000 00481nam a22001817a 4500
003 CEME
005 20210628210512.0
008 210208b xxu||||| |||| 00| 0 eng d
020 _a13-487884-1
040 _c.
082 _a621.3813 THO
100 _aThomassen, Keith.I
_979653
245 _aIntroduction to microwave fields and circuits
260 _aNEW JERSEY
_bPRENTICE HALL
_c1971
300 _a244P
650 _aMICROWAVE FIELDS AND CIRCUITS
_979654
942 _cBK
_2ddc
999 _c584672
_d584672